书目信息 |
| 题名: |
计算机网络技术基础
|
|
| 作者: | 尚晓航 编著 | |
| 分册: | ||
| 出版信息: | 北京 高等教育出版社 2000.04 |
|
| 页数: | 292页 | |
| 开本: | 16开 | |
| 丛书名: | ||
| 单 册: | ||
| 中图分类: | TP393.01-43 | |
| 科图分类: | ||
| 主题词: | 计算机应用 | |
| 电子资源: | ||
| ISBN: | 7-04-008717-0 | |
| 000 | 00577nam0 2200193 45 | |
| 001 | 0106210808 | |
| 005 | 20010621081539.3 | |
| 010 | @a7-04-008717-0@d25.10元 | |
| 100 | @a20010621d2000 km y0chiy0120 ea | |
| 101 | 0 | @achi |
| 105 | @a z 000yy | |
| 200 | 1 | @a计算机网络技术基础@AJi Suan Ji Wang Luo Ji Shu Ji Chu@f尚晓航编著@FShang Xiao Hang Bian Zhu |
| 210 | @a北京@c高等教育出版社@d2000.04 | |
| 215 | @a292页@d16开 | |
| 606 | 0 | @a计算机应用 |
| 690 | @aTP393.01-43@v3 | |
| 701 | 0 | @a尚晓航@4编著 |
| 801 | @aCN@bPftUser@c20010621 | |
| 905 | @f5@b349715-719@dTP393.01-43@eSH308 | |
| 计算机网络技术基础/尚晓航编著.-北京:高等教育出版社,2000.04 |
| 292页;16开 |
| ISBN 7-04-008717-0:25.10元 |
| ● |
| 相关链接 |
|
|
|
正题名:计算机网络技术基础
索取号:TP393.01-43/SH308
 
预约/预借
| 序号 | 登录号 | 条形码 | 馆藏地/架位号 | 状态 | 备注 |
| 1 | 349715 | 203497153 | 自科二线504/504自科库 7排2列1层/ [索取号:TP393.01-43/SH308] | 在馆 | |
| 2 | 349716 | 203497162 | 自科二线504/504自科库 7排2列1层/ [索取号:TP393.01-43/SH308] | 在馆 | |
| 3 | 349717 | 203497171 | 自科二线504/504自科库 21排1列4层/ [索取号:TP393.01-43/SH308] | 在馆 | |
| 4 | 349718 | 203497180 | 期刊室512/301自科库 120排1列1层/ [索取号:TP393.01-43/SH308] | 在馆 | |
| 5 | 349719 | 203497199 | 期刊室512/301自科库 120排1列1层/ [索取号:TP393.01-43/SH308] | 在馆 |